Nº de deputados eleitos na XVII legislatura (Portugal) por partido - Statistics

Estatísticas Gerais
  • Esse quiz foi jogado 18 vezes
  • A pontuação média é 9 de 10
Estatísticas das Respostas
Partidos Deputados % Correto
BE 1
100%
PAN 1
100%
JPP 1
100%
PCP-PEV 3
94%
CDS 3
94%
LIVRE 6
94%
IL 9
94%
PS 58
81%
CHEGA 60
81%
PSD 88
75%
Nenhum quiz correspondente encontrado
Distribuição das Pontuações
Porcentagem de Pessoas com Cada Pontuação
Percentil de Números Respondidos
Sua Pontuação Histórica
Você não jogou esse quiz